00916nam a22002535i 450000100060000000300090000600500170001500700030003200800410003502000180007604000220009408000140011610000310013024500740016126001150023530000330035049000180038350400300040165000170043170000350044871000780048383000680056185200330062913045ES-MaACL20250728062553.0t|941028s1994 sp ||||0| spa j a84-7433-980-4 aM-BN bspa cM-BN a331.102.11 aCarrasco Pérez, Remigio.10aTeletrabajo / cRemigio Carrasco Pérez, José Mª Salinas Leandro. aMadrid : bCentro de Publicaciones, Ministerio de Obras Públicas, Transportes y Medio Ambiente, cD.L. 1994. a86 p. : bgráf. ; c24 cm.1 aMonografías aBibliografía: p. 85-86.14aTeletrabajo.1 aSalinas Leandro, Jose María.1 aEspaña. bMinisterio de Obras Públicas, Transportes y Medio Ambiente.00aMonografías (Centro de Estudios Benaventanos "Ledo del Pozo") aES-MaACLjL-20445 bR.123788